<?xml version="1.0" encoding="UTF-8"?>
<record
    xmlns:xsi="http://www.w3.org/2001/XMLSchema-instance"
    xsi:schemaLocation="http://www.loc.gov/MARC21/slim http://www.loc.gov/standards/marcxml/schema/MARC21slim.xsd"
    xmlns="http://www.loc.gov/MARC21/slim">

  <leader>00794nam a2200265 i 4500</leader>
  <controlfield tag="003">DO-SdBNP</controlfield>
  <controlfield tag="005">20230502112320.0</controlfield>
  <controlfield tag="007">ta</controlfield>
  <controlfield tag="008">210428b20--    dr a|||| |||| 00| 0 spa d</controlfield>
  <datafield tag="040" ind1=" " ind2="4">
    <subfield code="a">DO-SdBNP</subfield>
    <subfield code="b">spa</subfield>
    <subfield code="c">BNPHU</subfield>
  </datafield>
  <datafield tag="082" ind1=" " ind2="4">
    <subfield code="2">22</subfield>
  </datafield>
  <datafield tag="100" ind1="1" ind2=" ">
    <subfield code="a">Anaya Pajuelo, Fidel.</subfield>
    <subfield code="9">78507</subfield>
  </datafield>
  <datafield tag="245" ind1="1" ind2="0">
    <subfield code="a">Atlas ORL en pediatr&#xED;a  / </subfield>
    <subfield code="c">Fidel Anaya Pajuelo</subfield>
  </datafield>
  <datafield tag="264" ind1=" " ind2=" ">
    <subfield code="a">s.l. :</subfield>
    <subfield code="b">Roemmers,</subfield>
    <subfield code="c">s.f.</subfield>
  </datafield>
  <datafield tag="300" ind1=" " ind2=" ">
    <subfield code="a">12 p&#xE1;gina :</subfield>
    <subfield code="b">ilustraciones, </subfield>
    <subfield code="c">28 cm.</subfield>
  </datafield>
  <datafield tag="336" ind1=" " ind2=" ">
    <subfield code="2">rdacontent</subfield>
    <subfield code="a">texto</subfield>
    <subfield code="b">txt</subfield>
  </datafield>
  <datafield tag="337" ind1=" " ind2=" ">
    <subfield code="2">rdamedia</subfield>
    <subfield code="a">sin mediaci&#xF3;n</subfield>
    <subfield code="b">n</subfield>
  </datafield>
  <datafield tag="338" ind1=" " ind2=" ">
    <subfield code="2">rdacarrier</subfield>
    <subfield code="a">volumen</subfield>
    <subfield code="b">nc</subfield>
  </datafield>
  <datafield tag="590" ind1=" " ind2=" ">
    <subfield code="a">Inventariado, 2021 / SA</subfield>
  </datafield>
  <datafield tag="650" ind1=" " ind2="4">
    <subfield code="a">Otorrinolaring&#xF3;log&#xED;a</subfield>
    <subfield code="x">Atlas</subfield>
    <subfield code="9">78508</subfield>
  </datafield>
  <datafield tag="650" ind1=" " ind2="4">
    <subfield code="a">Regi&#xF3;n oral</subfield>
    <subfield code="9">78512</subfield>
  </datafield>
  <datafield tag="650" ind1=" " ind2="4">
    <subfield code="a">Pediatr&#xED;a</subfield>
    <subfield code="x">Atlas</subfield>
    <subfield code="9">78513</subfield>
  </datafield>
  <datafield tag="700" ind1="1" ind2=" ">
    <subfield code="a">Pablo O. Grimberg U</subfield>
    <subfield code="9">79144</subfield>
  </datafield>
  <datafield tag="942" ind1=" " ind2=" ">
    <subfield code="2">ddc</subfield>
    <subfield code="c">LF2</subfield>
  </datafield>
  <datafield tag="952" ind1=" " ind2=" ">
    <subfield code="0">0</subfield>
    <subfield code="1">0</subfield>
    <subfield code="2">ddc</subfield>
    <subfield code="5">1</subfield>
    <subfield code="7">0</subfield>
    <subfield code="8">PD</subfield>
    <subfield code="a">BNPHU</subfield>
    <subfield code="b">BNPHU</subfield>
    <subfield code="c">CT</subfield>
    <subfield code="d">2021-04-28</subfield>
    <subfield code="e">Dep&#xF3;sito Legal</subfield>
    <subfield code="o">BNPHU 617.522912  AN536a </subfield>
    <subfield code="p">2021-1611</subfield>
    <subfield code="r">2021-04-28</subfield>
    <subfield code="t">v.1</subfield>
    <subfield code="w">2021-04-28</subfield>
    <subfield code="y">LF2</subfield>
  </datafield>
  <datafield tag="952" ind1=" " ind2=" ">
    <subfield code="0">0</subfield>
    <subfield code="1">0</subfield>
    <subfield code="2">ddc</subfield>
    <subfield code="5">1</subfield>
    <subfield code="7">0</subfield>
    <subfield code="8">PD</subfield>
    <subfield code="a">BNPHU</subfield>
    <subfield code="b">BNPHU</subfield>
    <subfield code="c">CT</subfield>
    <subfield code="d">2021-07-07</subfield>
    <subfield code="e">Dep&#xF3;sito Legal</subfield>
    <subfield code="o">BNPHU 617.522912 AN536a </subfield>
    <subfield code="p">2021-2462</subfield>
    <subfield code="r">2021-07-07</subfield>
    <subfield code="t">v.2</subfield>
    <subfield code="w">2021-07-07</subfield>
    <subfield code="y">LF2</subfield>
  </datafield>
  <datafield tag="999" ind1=" " ind2=" ">
    <subfield code="c">49788</subfield>
    <subfield code="d">49788</subfield>
  </datafield>
</record>
